000
00256nam a2200097Ia 4500
001
644741
005
20250826153610.0
008
250824s9999 xx 000 0 und d
245
0
_a
DOĞANIN BİR YILI NİSAN
_c
RUTH SYMONS
260
_b
TÜBİTAK POPÜLER BİLİM
999
_c
644741
_d
644741